000
00307nam a22001457a 4500
008
210426b ||||| |||| 00| 0 eng d
020
_a
2901891616647
041
_a
eng
080
_a
37
082
_a
37
100
_a
46
101
_a
EDU
245
_a
FastTrac NewVenture
_c
Kauffman,
942
_2
udc
_c
BK
999
_c
56751
_d
56751